书目信息 |
| 题名: |
生物的能量储存
|
|
| 作者: | 琼斯 , Jones 著 ;李立人 译 | |
| 分册: | ||
| 出版信息: | 北京 科学出版社 1980 |
|
| 页数: | 96页 | |
| 开本: | 19cm | |
| 丛书名: | ||
| 单 册: | ||
| 中图分类: | Q77 | |
| 科图分类: | ||
| 主题词: | 生物能-能量转换 , 能量转换-生物能 | |
| 电子资源: | ||
| ISBN: | 13031.1336 | |
| 000 | 00841nam0 2200289 450 | |
| 001 | 0180009406 | |
| 005 | 20100712215858.0 | |
| 010 | @a13031.1336@dCNY0.55 | |
| 091 | @a13031.1336 | |
| 100 | @a19950420d1980 em y0chiy0110 ea | |
| 101 | 1 | @achi@ceng |
| 102 | @aCN@b110000 | |
| 105 | @ay z 000yy | |
| 106 | @ar | |
| 200 | 1 | @a生物的能量储存@9Sheng Wu De;Di Neng Liang Chu Cun @f(英)琼斯(C.W.Jones)著@g李立人译 |
| 210 | @a北京@c科学出版社@d1980 | |
| 215 | @a96页@d19cm | |
| 300 | @a书名原文:Biological energy conservation | |
| 510 | 1 | @aBiological energy conservation@zeng |
| 606 | 0 | @a生物能-能量转换 |
| 606 | 0 | @a能量转换-生物能 |
| 690 | @aQ77@v3 | |
| 701 | 1 | @a琼斯@9qiong si@bC.W.@4著 |
| 701 | 1 | @aJones@bC.W.@4著 |
| 702 | 0 | @a李立人@9li li ren@4译 |
| 801 | 0 | @aCN@bAzMarc@c20130904 |
| 905 | @aBZT@dQ77@e1@f3@sQ77/1 | |
| 生物的能量储存/(英)琼斯(C.W.Jones)著/李立人译.-北京:科学出版社,1980 |
| 96页;19cm |
| 书名原文:Biological energy conservation |
| ISBN 13031.1336:CNY0.55 |
| ● |
| 相关链接 |
|
|
|
正题名:生物的能量储存
索取号:Q77/1
 
预约/预借
| 序号 | 登录号 | 条形码 | 馆藏地/架位号 | 状态 | 备注 |
| 1 | 2000087393 | 2000087393 | 旧书回溯/ [索取号:Q77/1] | 在馆 | |
| 2 | 2000120883 | 2000120883 | 旧书回溯/ [索取号:Q77/1] | 在馆 | |
| 3 | 2000120884 | 2000120884 | 旧书回溯/ [索取号:Q77/1] | 在馆 |